[Event "Trofeo CBA"]
[Site "Milano ITA"]
[Date "2004.05.20"]
[Round "7"]
[White "Rombaldoni, Denis"]
[Black "Drazic, Sinisa"]
[Result "0-1"]
[WhiteElo "2158"]
[BlackElo "2476"]
[PlyCount "318"]
[EventDate "2004.05.14"]

1. d4 g6 2. c4 Bg7 3. Nf3 f5 4. Nc3 Nf6 5. g3 O-O 6. Bg2 d6 7. O-O c6 8. Qc2
Nh5 9. Bg5 h6 10. Bd2 g5 11. Rad1 Na6 12. h4 g4 13. Ne1 e6 14. Bc1 Qe7 15. e3
e5 16. Ne2 e4 17. Bd2 Be6 18. Bh1 Rfc8 19. Ng2 Bf7 20. Ngf4 Nf6 21. Rb1 Nh7 22.
Rfc1 Bf6 23. Qd1 Nc7 24. b3 Kg7 25. Nc3 Rg8 26. Bg2 Kh8 27. Be1 Nf8 28. Rc2 Nd7
29. Na4 Rad8 30. Qc1 Rc8 31. b4 Ne6 32. Nxe6 Bxe6 33. c5 d5 34. Nc3 f4 35. exf4
Bxd4 36. Ne2 Bg7 37. Bc3 a6 38. Qe3 Nf8 39. Bxg7+ Rxg7 40. Nd4 Qf6 41. a4 Rgc7
42. Bf1 Bf5 43. Be2 h5 44. Rb3 Ne6 45. Rd2 Ng7 46. Kf1 Kh7 47. Bd1 Bg6 48. Ke2
Qe7 49. a5 Rf8 50. Kf1 Qf6 51. Kg2 Be8 52. Bc2 Rcf7 53. Rb1 Bd7 54. Rbd1 Kh8
55. Bb3 Ne8 56. Bc2 Qg7 57. Kh2 Nf6 58. Bb3 Kh7 59. Kg2 Ng8 60. Re1 Rf6 61. Bc2
Rg6 62. Red1 Bc8 63. Bb3 Qc7 64. Bc2 Ne7 65. Bb1 Kg8 66. Kf1 Rgf6 67. Ba2 Kg7
68. Bb1 R8f7 69. Re2 Ng6 70. Ke1 Qe7 71. Rdd2 Rf8 72. Kd1 R6f7 73. Qc3 Kg8 74.
Re1 Nxh4 75. gxh4 Qxh4 76. Qg3 Qf6 77. Rh1 Rh7 78. Rh4 Rh6 79. Ke2 Qxf4 80.
Qxf4 Rxf4 81. Ke3 Rf7 82. Rd1 Kg7 83. Rg1 Kf6 84. Kf4 Kg6+ 85. Kg3 Kg5 86. Rgh1
Bd7 87. Bc2 Rf8 88. Bd1 Rff6 89. Be2 Be8 90. R1h2 Bf7 91. Bxg4 Rh7 92. Bc8 Rg7
93. Kg2 Kh6+ 94. Kf1 Bg6 95. Ke2 Re7 96. Ke3 Rf8 97. Bg4 Re5 98. Be2 Rf6 99.
Rf4 Kg7 100. Rfh4 Kh6 101. Rg2 Re7 102. Rf4 Ref7 103. Rxf6 Rxf6 104. Rg1 Bh7
105. Bd1 Bg6 106. Rh1 Kg5 107. Rh3 h4 108. Rh1 Bh5 109. f4+ exf3 110. Bxf3 Rf7
111. Rg1+ Kh6 112. Rg8 Re7+ 113. Kf2 Bg6 114. Rd8 Kg5 115. Rd6 Bf7 116. Ne2 Be8
117. Nc3 Bd7 118. Be2 Rf7+ 119. Kg2 Rg7 120. Bd3 Bf5 121. Bxf5 Kxf5+ 122. Kf2
h3 123. Rh6 d4 124. Ne2 d3 125. Rxh3 dxe2 126. Kxe2 Rg4 127. b5 axb5 128. Rh7
Ke4 129. Rxb7 Rg2+ 130. Kd1 Kd5 131. a6 Ra2 132. a7 Kxc5 133. Kc1 Kc4 134. Kb1
Ra4 135. Kb2 b4 136. Rd7 c5 137. Rb7 Ra5 138. Rg7 Ra3 139. Rb7 Kd5 140. Rh7 Kc6
141. Rg7 Kb6 142. Rg6+ Kxa7 143. Rc6 Rc3 144. Rh6 Kb7 145. Rg6 Kc7 146. Rh6 Rd3
147. Rg6 Rd6 148. Rg4 Kc6 149. Kb3 Kb5 150. Rg8 Rd3+ 151. Kc2 Kc4 152. Rg4+ Rd4
153. Rg5 Rf4 154. Rh5 b3+ 155. Kb1 Rf1+ 156. Kb2 Rf2+ 157. Kb1 Kb4 158. Rh3 c4
159. Rh8 Rf1+ 0-1

[Event "Trofeo CBA"]
[Site "Milano ITA"]
[Date "2004.05.20"]
[Round "7"]
[White "Van Hoolandt, Patrick"]
[Black "Mariano, Elia"]
[Result "0-1"]
[WhiteElo "2237"]
[BlackElo "2198"]
[PlyCount "64"]
[EventDate "2004.05.14"]

1. d4 d5 2. Nf3 Nf6 3. c4 e6 4. Bg5 Nbd7 5. Nc3 c6 6. e3 Qa5 7. Qb3 Ne4 8. Bf4
g5 9. Bg3 h5 10. h3 Nxg3 11. fxg3 Bd6 12. O-O-O Bxg3 13. cxd5 exd5 14. e4 Nf6
15. exd5 Nxd5 16. Bc4 Bf4+ 17. Nd2 Be6 18. Bxd5 cxd5 19. Qxb7 O-O 20. Kb1 Rab8
21. Nb3 Qd8 22. Qa6 Qf6 23. Ka1 Qg6 24. Rhe1 Rfd8 25. Re2 Bf5 26. Qxg6+ Bxg6
27. Nc5 Kf8 28. b3 h4 29. Rde1 Rb4 30. Re7 Bd2 31. Nxd5 Rxd5 32. Nd7+ Rxd7 0-1

[Event "Trofeo CBA"]
[Site "Milano ITA"]
[Date "2004.05.21"]
[Round "8"]
[White "Astengo, Corrado"]
[Black "Van Hoolandt, Patrick"]
[Result "0-1"]
[WhiteElo "2129"]
[BlackElo "2237"]
[PlyCount "78"]
[EventDate "2004.05.14"]

1. e4 e5 2. Nf3 Nc6 3. Bb5 Nf6 4. O-O Nxe4 5. d4 Nd6 6. Bxc6 dxc6 7. dxe5 Nf5
8. Qxd8+ Kxd8 9. Rd1+ Ke8 10. b3 Ne7 11. Nd4 Ng6 12. Bb2 Bg4 13. Re1 c5 14. Re4
h5 15. Nb5 Kd7 16. c4 c6 17. Nd6 Bxd6 18. exd6 Rae8 19. Nd2 f6 20. Rae1 Bf5 21.
Rxe8 Rxe8 22. Rxe8 Kxe8 23. b4 cxb4 24. c5 Nf4 25. Nf3 Nd3 26. Bd4 Be6 27. Nh4
Bxa2 28. Nf5 Kd7 29. Nxg7 Bf7 30. h4 b3 31. Bxf6 b2 32. Bxb2 Nxb2 33. g4 hxg4
34. h5 a5 35. h6 Bg6 36. Nh5 a4 37. Nf6+ Kd8 38. h7 Bxh7 39. Nxh7 a3 0-1

[Event "Trofeo CBA"]
[Site "Milano ITA"]
[Date "2004.05.21"]
[Round "8"]
[White "Castaldo, Folco"]
[Black "Drazic, Sinisa"]
[Result "1/2-1/2"]
[WhiteElo "2329"]
[BlackElo "2476"]
[PlyCount "57"]
[EventDate "2004.05.14"]

1. c4 e5 2. g3 Nc6 3. Bg2 g6 4. Nc3 Bg7 5. Rb1 a5 6. d3 d6 7. e4 Be6 8. Nge2
Nge7 9. Nd5 O-O 10. O-O Nb4 11. a3 Nbxd5 12. cxd5 Bg4 13. h3 Bd7 14. Be3 c6 15.
dxc6 Bxc6 16. d4 d5 17. dxe5 dxe4 18. Nc3 Nd5 19. Nxd5 Qxd5 20. Qxd5 Bxd5 21.
Rfd1 Bc6 22. b4 axb4 23. axb4 Ba4 24. Rd2 Bxe5 25. Bxe4 Bc6 26. Bxc6 bxc6 27.
Rc2 Ra6 28. Rbc1 Bd6 29. Rxc6 1/2-1/2

[Event "Trofeo CBA"]
[Site "Milano ITA"]
[Date "2004.05.21"]
[Round "8"]
[White "Dragojlovic, Andjelko"]
[Black "Qendro, Llambi"]
[Result "1/2-1/2"]
[WhiteElo "2340"]
[BlackElo "2366"]
[PlyCount "22"]
[EventDate "2004.05.14"]

1. e4 c6 2. d4 d5 3. Nd2 dxe4 4. Nxe4 Nd7 5. Bd3 Ngf6 6. Ng5 e6 7. N1f3 Be7 8.
O-O h6 9. Ne4 Nxe4 10. Bxe4 Nf6 11. Bd3 O-O 1/2-1/2

[Event "Trofeo CBA"]
[Site "Milano ITA"]
[Date "2004.05.21"]
[Round "8"]
[White "Mariano, Elia"]
[Black "Rombaldoni, Denis"]
[Result "0-1"]
[WhiteElo "2198"]
[BlackElo "2158"]
[PlyCount "54"]
[EventDate "2004.05.14"]

1. d4 d5 2. c4 e6 3. Nc3 Be7 4. cxd5 exd5 5. Bf4 Nf6 6. e3 Nbd7 7. Bd3 Nf8 8.
Nf3 Ne6 9. Be5 O-O 10. Qc2 g6 11. h4 c5 12. h5 c4 13. hxg6 cxd3 14. gxh7+ Kh8
15. Qxd3 Ng7 16. Qb5 a6 17. Qb3 Be6 18. Qxb7 Nfe8 19. Qb3 Bd6 20. Kf1 Rb8 21.
Qc2 Qb6 22. Bxd6 Nxd6 23. b3 Rfc8 24. Qd2 Rc7 25. Na4 Qb5+ 26. Kg1 Ne4 27. Qb2
Qxa4 0-1

[Event "Trofeo CBA"]
[Site "Milano ITA"]
[Date "2004.05.21"]
[Round "8"]
[White "Valenti, Giuseppe"]
[Black "Lanzani, Mario"]
[Result "1/2-1/2"]
[WhiteElo "2292"]
[BlackElo "2360"]
[PlyCount "50"]
[EventDate "2004.05.14"]

1. e4 e5 2. Nf3 Nc6 3. Bb5 Nf6 4. O-O Nxe4 5. Re1 Nd6 6. Nxe5 Nxe5 7. Rxe5+ Be7
8. Nc3 Nxb5 9. Nd5 Kf8 10. Nxe7 d6 11. Rxb5 Qxe7 12. Rb3 Bg4 13. f3 Bf5 14. Re3
Qf6 15. Rb1 h5 16. b3 h4 17. Bb2 Qg5 18. Qe2 Rh6 19. Re1 Bd7 20. Re4 a5 21. a4
Re6 22. Rxe6 Bxe6 23. Qe3 Qxe3+ 24. Rxe3 Bf5 25. d3 f6 1/2-1/2

[Event "Trofeo CBA"]
[Site "Milano ITA"]
[Date "2004.05.22"]
[Round "9"]
[White "Bertazzo, Giorgio"]
[Black "Valenti, Giuseppe"]
[Result "0-1"]
[WhiteElo "2141"]
[BlackElo "2292"]
[PlyCount "84"]
[EventDate "2004.05.14"]

1. e4 c5 2. Nf3 e6 3. d4 cxd4 4. Nxd4 a6 5. Nc3 Qc7 6. Be2 Nf6 7. O-O Be7 8.
Be3 d6 9. f4 O-O 10. Kh1 Rd8 11. Bf3 Nc6 12. Nb3 b5 13. a3 Rb8 14. Qe1 b4 15.
Na4 a5 16. Qf2 Nd7 17. Be2 Re8 18. Rfd1 Bb7 19. Nd2 Ba8 20. Bd3 d5 21. exd5
exd5 22. Nb3 bxa3 23. bxa3 Bf6 24. Rab1 d4 25. Bd2 Qd6 26. Ra1 Qd5 27. Re1 Ne7
28. Nb2 Bh4 29. Qf1 Bxe1 30. Rxe1 Qh5 31. Nc4 Nf5 32. Rxe8+ Rxe8 33. Bxf5 Qxf5
34. Nd6 Qxc2 35. Nxe8 Qxb3 36. Nc7 Bc6 37. Bxa5 Qxa3 38. Qe1 Nf6 39. Kg1 Qb2
40. Qf2 Qb1+ 41. Qf1 Qc2 42. Qf2 d3 0-1

[Event "Trofeo CBA"]
[Site "Milano ITA"]
[Date "2004.05.22"]
[Round "9"]
[White "Drazic, Sinisa"]
[Black "Mariano, Elia"]
[Result "1-0"]
[WhiteElo "2476"]
[BlackElo "2198"]
[PlyCount "85"]
[EventDate "2004.05.14"]

1. d4 d5 2. Bg5 h6 3. Bh4 c5 4. dxc5 Qa5+ 5. Nc3 e6 6. e4 Be7 7. Bxe7 Nxe7 8.
Qd2 O-O 9. exd5 exd5 10. Nb5 Qxd2+ 11. Kxd2 Na6 12. Ne2 Nxc5 13. f3 Bd7 14.
Nbd4 Ne6 15. Rd1 Nxd4 16. Nxd4 Nc6 17. Kc3 Rac8 18. Bd3 Rfe8 19. Rhe1 Rxe1 20.
Rxe1 Kf8 21. Nxc6 Bxc6 22. Kd4 Re8 23. Rb1 Ke7 24. Kc5 Kd7 25. b4 Kc7 26. a4
b6+ 27. Kd4 a5 28. bxa5 bxa5 29. Kc5 Bxa4 30. Ra1 Bc6 31. Rxa5 Bb7 32. Ra7 Kb8
33. Ra4 Kc7 34. h4 g5 35. h5 Re1 36. Ra7 Kb8 37. Ra3 Rh1 38. Kb6 Rb1+ 39. Bb5
d4 40. Ra4 Rb2 41. Rxd4 Rxc2 42. Rd8+ Bc8 43. g4 1-0

[Event "Trofeo CBA"]
[Site "Milano ITA"]
[Date "2004.05.22"]
[Round "9"]
[White "Lanzani, Mario"]
[Black "Dragojlovic, Andjelko"]
[Result "1/2-1/2"]
[WhiteElo "2360"]
[BlackElo "2340"]
[PlyCount "21"]
[EventDate "2004.05.14"]

1. Nf3 Nf6 2. g3 g6 3. Bg2 Bg7 4. O-O O-O 5. c4 d5 6. cxd5 Nxd5 7. Nc3 c5 8.
Nxd5 Qxd5 9. d4 cxd4 10. Be3 Rd8 11. Nxd4 1/2-1/2

[Event "Trofeo CBA"]
[Site "Milano ITA"]
[Date "2004.05.22"]
[Round "9"]
[White "Qendro, Llambi"]
[Black "Castaldo, Folco"]
[Result "1/2-1/2"]
[WhiteElo "2366"]
[BlackElo "2329"]
[PlyCount "23"]
[EventDate "2004.05.14"]

1. d4 d5 2. c4 e6 3. Nc3 c6 4. cxd5 exd5 5. Nf3 Bf5 6. Bf4 Bd6 7. Bxd6 Qxd6 8.
e3 Nf6 9. Bd3 Bxd3 10. Qxd3 Nbd7 11. O-O O-O 12. h3 1/2-1/2

[Event "Trofeo CBA"]
[Site "Milano ITA"]
[Date "2004.05.22"]
[Round "9"]
[White "Rombaldoni, Denis"]
[Black "Astengo, Corrado"]
[Result "1/2-1/2"]
[WhiteElo "2158"]
[BlackElo "2129"]
[PlyCount "38"]
[EventDate "2004.05.14"]

1. d4 d5 2. Nf3 Nf6 3. c4 c6 4. g3 Bf5 5. Nbd2 e6 6. Bg2 h6 7. O-O Be7 8. Qb3
Qb6 9. c5 Qc7 10. Qc3 b6 11. b4 bxc5 12. bxc5 Nbd7 13. Nb3 Ne4 14. Qa5 Qb7 15.
Nfd2 Bd8 16. Nxe4 Bxe4 17. Qc3 Bxg2 18. Kxg2 Bc7 19. Bf4 Bxf4 1/2-1/2

[Event "Trofeo CBA"]
[Site "Milano ITA"]
[Date "2004.05.22"]
[Round "9"]
[White "Van Hoolandt, Patrick"]
[Black "Ricci, Marco"]
[Result "1-0"]
[WhiteElo "2237"]
[BlackElo "2169"]
[PlyCount "143"]
[EventDate "2004.05.14"]

1. d4 Nf6 2. Nf3 g6 3. c4 Bg7 4. Nc3 d6 5. e4 O-O 6. Be2 e5 7. O-O Nc6 8. d5
Ne7 9. Ne1 Nd7 10. f3 f5 11. g4 h6 12. h4 f4 13. Ng2 Nf6 14. Bd2 c6 15. Be1 a6
16. b4 cxd5 17. cxd5 Qb6+ 18. Kh1 Bd7 19. a4 Rfc8 20. a5 Qd8 21. Na4 Bxa4 22.
Qxa4 Nd7 23. Qb3 Rc7 24. Bd2 Rac8 25. Bd3 Bf6 26. Kg1 Kg7 27. Kf2 Ng8 28. Rh1
Be7 29. Qb2 Bf6 30. Rag1 g5 31. hxg5 hxg5 32. Rh5 Nf8 33. Rgh1 Rf7 34. Ke2 Rcc7
35. Be1 Qc8 36. Bd2 Kg6 37. Qb1 Kg7 38. Qg1 Kg6 39. Qb6 Be7 40. Rh8 Kg7 41. Qg1
Ng6 42. R8h7+ Kf8 43. Rxf7+ Kxf7 44. Rh7+ Kf8 45. Rh5 Bd8 46. Qa1 Kg7 47. Qa3
Nh6 48. Kf2 Be7 49. Rh1 Nf8 50. Rc1 Rxc1 51. Qxc1 Qxc1 52. Bxc1 Nd7 53. Ne1 Bd8
54. Ke2 Ng8 55. Nc2 Ne7 56. Na3 Nc8 57. Bd2 Na7 58. Be1 Kf7 59. Bf2 Nc8 60. Kd2
Ke7 61. Kc3 Nf8 62. Kb3 Ng6 63. Ka4 Nh4 64. Be2 Kd7 65. Nc4 Ng6 66. b5 axb5+
67. Kxb5 Nf8 68. Bd1 Kc7 69. Ba4 Nd7 70. Kb4 Nb8 71. Bb6+ Nxb6 72. axb6+ 1-0

[Event "Trofeo CBA"]
[Site "Milano ITA"]
[Date "2004.05.23"]
[Round "10"]
[White "Astengo, Corrado"]
[Black "Drazic, Sinisa"]
[Result "0-1"]
[WhiteElo "2129"]
[BlackElo "2476"]
[PlyCount "76"]
[EventDate "2004.05.14"]

1. e4 c5 2. Nf3 e6 3. d4 cxd4 4. Nxd4 d6 5. Nc3 a6 6. Be3 b5 7. Bd3 Bb7 8. f4
Nd7 9. Qf3 Ngf6 10. O-O Qc7 11. f5 e5 12. Nb3 Be7 13. a3 h5 14. Kh1 h4 15. Rad1
Rc8 16. Rd2 Qb8 17. Na5 Ba8 18. Nd5 Bd8 19. Nb3 Bxd5 20. exd5 Bb6 21. Bg5 Rh5
22. Bxf6 Nxf6 23. c3 Ke7 24. Re1 Qa7 25. Rdd1 Kf8 26. Nd2 Qd7 27. Rf1 Rh6 28.
Bb1 Nh5 29. Ne4 Rc4 30. h3 Qa7 31. Kh2 Be3 32. g4 hxg3+ 33. Nxg3 Bf4 34. Rg1
Nxg3 35. Rxg3 Bxg3+ 36. Kxg3 Rf4 37. Qe2 Qe7 38. Kh2 Qh4 0-1

[Event "Trofeo CBA"]
[Site "Milano ITA"]
[Date "2004.05.23"]
[Round "10"]
[White "Castaldo, Folco"]
[Black "Mariano, Elia"]
[Result "1/2-1/2"]
[WhiteElo "2329"]
[BlackElo "2198"]
[PlyCount "22"]
[EventDate "2004.05.14"]

1. e4 e6 2. d4 d5 3. exd5 exd5 4. Nf3 Nf6 5. Bd3 Bd6 6. O-O O-O 7. Bg5 Bg4 8.
h3 Bh5 9. c3 h6 10. Bh4 c6 11. Nbd2 Nbd7 1/2-1/2

[Event "Trofeo CBA"]
[Site "Milano ITA"]
[Date "2004.05.23"]
[Round "10"]
[White "Qendro, Llambi"]
[Black "Lanzani, Mario"]
[Result "1/2-1/2"]
[WhiteElo "2366"]
[BlackElo "2360"]
[PlyCount "25"]
[EventDate "2004.05.14"]

1. d4 d5 2. c4 c6 3. Nf3 Nf6 4. cxd5 cxd5 5. Nc3 Nc6 6. Bf4 a6 7. e3 Bg4 8. Be2
Bxf3 9. Bxf3 e6 10. O-O Bd6 11. Bxd6 Qxd6 12. Qd2 O-O 13. Rfc1 1/2-1/2

[Event "Trofeo CBA"]
[Site "Milano ITA"]
[Date "2004.05.23"]
[Round "10"]
[White "Ricci, Marco"]
[Black "Rombaldoni, Denis"]
[Result "0-1"]
[WhiteElo "2169"]
[BlackElo "2158"]
[PlyCount "80"]
[EventDate "2004.05.14"]

1. e4 c6 2. d4 d5 3. Nc3 dxe4 4. Nxe4 Nf6 5. Nxf6+ gxf6 6. c3 Bf5 7. Ne2 h5 8.
h4 Nd7 9. Ng3 Bg4 10. Be2 Bxe2 11. Qxe2 Qa5 12. Bd2 e6 13. c4 Bb4 14. a3 Bxd2+
15. Qxd2 Qxd2+ 16. Kxd2 O-O-O 17. Kc3 f5 18. Ne2 Rhg8 19. Rag1 c5 20. g3 cxd4+
21. Nxd4 Nc5 22. f3 Na4+ 23. Kb3 Rxd4 24. Kxa4 Rxc4+ 25. Kb3 Rd4 26. Rc1+ Kd7
27. Rhd1 Rxd1 28. Rxd1+ Kc6 29. Rg1 Kd5 30. Kc3 e5 31. Kd3 f4 32. g4 hxg4 33.
Rxg4 Rxg4 34. fxg4 e4+ 35. Ke2 Ke5 36. b3 f3+ 37. Ke3 a5 38. b4 axb4 39. axb4
b5 40. h5 Kf6 0-1

[Event "Trofeo CBA"]
[Site "Milano ITA"]
[Date "2004.05.23"]
[Round "10"]
[White "Valenti, Giuseppe"]
[Black "Van Hoolandt, Patrick"]
[Result "1/2-1/2"]
[WhiteElo "2292"]
[BlackElo "2237"]
[PlyCount "120"]
[EventDate "2004.05.14"]

1. d4 Nf6 2. c4 e6 3. Nc3 Bb4 4. Qc2 O-O 5. e4 d5 6. e5 Ne4 7. a3 Bxc3+ 8. bxc3
c5 9. dxc5 Nc6 10. Nf3 Qc7 11. Bd3 Nxe5 12. Bxe4 dxe4 13. Qxe4 Nxf3+ 14. Qxf3
Qxc5 15. O-O Qxc4 16. Rb1 f6 17. Rd1 e5 18. h3 Rb8 19. Be3 b6 20. Qd5+ Qxd5 21.
Rxd5 Be6 22. Rd6 Kf7 23. c4 Ke7 24. c5 Rfc8 25. Rd2 b5 26. Rd6 Rc7 27. Ra6 Bc8
28. Rd6 Rd7 29. Rbd1 a6 30. c6 Rc7 31. Bc5 Kf7 32. Bb4 Bf5 33. Ba5 Rcc8 34. c7
Rb7 35. Rxa6 Rbxc7 36. Bxc7 Rxc7 37. Rb6 Ra7 38. Rxb5 Rxa3 39. Rb7+ Kg6 40. Rd8
Rd3 41. Rxd3 Bxd3 42. Rb3 Bc4 43. Rc3 Be2 44. Re3 Bc4 45. f3 h5 46. h4 Kf5 47.
Kf2 Bd5 48. Rd3 Bc6 49. Rc3 Bd5 50. Ke3 Ba2 51. Ra3 Bd5 52. Ra4 Bc6 53. Rb4 Bd5
54. g4+ Kg6 55. Rb6 hxg4 56. fxg4 Bg2 57. Kf2 Be4 58. Kg3 Bd5 59. g5 Bc4 60.
Rc6 Be2 1/2-1/2

[Event "Trofeo CBA"]
[Site "Milano ITA"]
[Date "2004.05.24"]
[Round "11"]
[White "Drazic, Sinisa"]
[Black "Ricci, Marco"]
[Result "1-0"]
[WhiteElo "2476"]
[BlackElo "2169"]
[PlyCount "45"]
[EventDate "2004.05.14"]

1. e4 e6 2. Qe2 c5 3. Nf3 Nc6 4. g3 Nd4 5. Nxd4 cxd4 6. Bg2 Qc7 7. c3 Bc5 8.
O-O Ne7 9. b4 Bb6 10. Na3 a6 11. Bb2 Nc6 12. Rac1 Qb8 13. Nc4 Ba7 14. cxd4 Nxd4
15. Qd3 e5 16. Ne3 O-O 17. Bxd4 Bxd4 18. Nf5 Ba7 19. Qd6 g6 20. Ne7+ Kg7 21.
Rc7 Bd4 22. Rfc1 b5 23. Qd5 1-0

[Event "Trofeo CBA"]
[Site "Milano ITA"]
[Date "2004.05.24"]
[Round "11"]
[White "Lanzani, Mario"]
[Black "Castaldo, Folco"]
[Result "1/2-1/2"]
[WhiteElo "2360"]
[BlackElo "2329"]
[PlyCount "28"]
[EventDate "2004.05.14"]

1. d4 d5 2. c4 c6 3. Nf3 Nf6 4. cxd5 cxd5 5. Nc3 Nc6 6. Bf4 Bf5 7. e3 e6 8. Bd3
Bxd3 9. Qxd3 Bd6 10. Bxd6 Qxd6 11. O-O O-O 12. Rac1 Rac8 13. Rfd1 Rfd8 14. h3
h6 1/2-1/2

[Event "Trofeo CBA"]
[Site "Milano ITA"]
[Date "2004.05.24"]
[Round "11"]
[White "Mariano, Elia"]
[Black "Astengo, Corrado"]
[Result "1/2-1/2"]
[WhiteElo "2198"]
[BlackElo "2129"]
[PlyCount "20"]
[EventDate "2004.05.14"]

1. Nf3 Nf6 2. g3 b5 3. Bg2 Bb7 4. O-O e6 5. b3 Be7 6. Bb2 O-O 7. d3 d5 8. Nbd2
c5 9. c4 bxc4 10. bxc4 d4 1/2-1/2

[Event "XXII Festival Isola d'Elba A"]
[Site "Capoliveri ITA"]
[Date "2004.05.11"]
[Round "5"]
[White "Facchetti, Gianni"]
[Black "Naumkin, Igor"]
[Result "0-1"]
[WhiteElo "2208"]
[BlackElo "2424"]
[PlyCount "36"]
[EventDate "2004.05.08"]

1. e4 e6 2. d4 d5 3. exd5 exd5 4. Qf3 c5 5. Bb5+ Nc6 6. Ne2 Nf6 7. h3 Be7 8. c3
O-O 9. O-O Qb6 10. Bxc6 bxc6 11. Nd2 Re8 12. dxc5 Bxc5 13. Nb3 Ba6 14. Re1 Bxe2
15. Rxe2 Rxe2 16. Qxe2 Re8 17. Be3 Bxe3 18. fxe3 Rxe3 0-1

[Event "XXII Festival Isola d'Elba A"]
[Site "Capoliveri ITA"]
[Date "2004.05.14"]
[Round "8"]
[White "Aranovitch, Emiliano"]
[Black "Naumkin, Igor"]
[Result "0-1"]
[WhiteElo "2298"]
[BlackElo "2424"]
[PlyCount "74"]
[EventDate "2004.05.08"]

1. e4 e6 2. d4 d5 3. Nc3 Bb4 4. e5 c5 5. Qg4 Ne7 6. Nf3 cxd4 7. Bb5+ Bd7 8. O-O
dxc3 9. Qxb4 cxb2 10. Bxb2 Bxb5 11. Qxb5+ Nbc6 12. a4 a6 13. Qd3 h6 14. Ba3 O-O
15. Rfb1 Na5 16. Nd4 Qd7 17. f4 Rfc8 18. g4 Rc4 19. Bb4 Nac6 20. Nxc6 Nxc6 21.
Bd2 Qe7 22. c3 Rc8 23. Kh1 Re4 24. Re1 Rxe1+ 25. Rxe1 Qc7 26. Qg3 Ne7 27. f5
exf5 28. gxf5 Nxf5 29. Qg4 Qd7 30. Rf1 g6 31. Bxh6 Rxc3 32. Qb4 Rc8 33. Bf4 d4
34. Rb1 Qd5+ 35. Kg1 Ne3 36. Bxe3 dxe3 37. Qf4 Rc4 0-1

[Event "XXII Festival Isola d'Elba A"]
[Site "Capoliveri ITA"]
[Date "2004.05.14"]
[Round "8"]
[White "Simone, Marco"]
[Black "Pieraccini, Carlo Alberto"]
[Result "0-1"]
[WhiteElo "1934"]
[BlackElo "1860"]
[PlyCount "58"]
[EventDate "2004.05.08"]

1. e4 c6 2. d4 d5 3. Nc3 dxe4 4. Nxe4 Bf5 5. Ng3 Bg6 6. h4 h6 7. Nf3 Nd7 8. h5
Bh7 9. Bd3 Bxd3 10. Qxd3 Qc7 11. Be3 e6 12. O-O-O Ngf6 13. Rhe1 O-O-O 14. Qb3
Bd6 15. Ne5 Bxe5 16. dxe5 Nd5 17. f4 Nxe3 18. Qxe3 Qa5 19. Ne4 Qxa2 20. Nd6+
Kb8 21. Rd3 Nb6 22. Ra3 Qd5 23. Nxf7 Nc4 24. Qxa7+ Kc7 25. Qf2 Nxa3 26. bxa3
Qa2 27. Nd6 Qxa3+ 28. Kb1 Ra8 29. Re3 Qa1# 0-1

[Event "XXIX Corsicoscacchi Magistrale"]
[Site "Corsico ITA"]
[Date "2004.04.29"]
[Round "1"]
[White "Astengo, Marcello"]
[Black "Squarci, Franco"]
[Result "1-0"]
[WhiteElo "2069"]
[BlackElo "1931"]
[PlyCount "71"]
[EventDate "2004.04.29"]

1. d4 Nf6 2. c4 c5 3. d5 g6 4. Nc3 Bg7 5. e4 d6 6. Bd3 Ng4 7. Bg5 O-O 8. Be2
Ne5 9. f4 Ned7 10. Nf3 f6 11. Bh4 Nb6 12. h3 a5 13. O-O Bd7 14. Qd2 a4 15. Rad1
a3 16. b3 Na6 17. Bd3 Nb4 18. Bb1 Qe8 19. e5 fxe5 20. fxe5 dxe5 21. Ne4 Na6 22.
Qa5 Nc8 23. Qxa3 b6 24. Nfg5 Nd6 25. g4 h6 26. Nf3 Rf4 27. Rde1 Nxe4 28. Bxe4
Nb4 29. Qc1 Rxa2 30. Bg3 g5 31. Bb1 Ra1 32. Bh7+ Kxh7 33. Qxa1 e4 34. Qb1 Nd3
35. Bxf4 Nxf4 36. Qxe4+ 1-0

[Event "XXIX Corsicoscacchi Magistrale"]
[Site "Corsico ITA"]
[Date "2004.04.29"]
[Round "1"]
[White "Bisignano, Giuseppe"]
[Black "Pelizzola, Danilo"]
[Result "1-0"]
[WhiteElo "1996"]
[BlackElo "2081"]
[PlyCount "59"]
[EventDate "2004.04.29"]

1. e4 c5 2. Nf3 Nc6 3. d4 cxd4 4. Nxd4 Nf6 5. Nc3 e5 6. Nxc6 bxc6 7. Bc4 Bb4 8.
Qd3 d5 9. exd5 cxd5 10. Bb5+ Bd7 11. O-O Bxc3 12. Bxd7+ Nxd7 13. bxc3 Qa5 14.
Rb1 Nb6 15. Qg3 O-O-O 16. Qxe5 f6 17. Qe6+ Rd7 18. Be3 Kc7 19. a4 Nc8 20. Rb5
Qxa4 21. Rfb1 Kd8 22. Rb8 Rf8 23. g3 Qc4 24. Bf4 Re8 25. Qf5 Ke7 26. Re1+ Kd8
27. Rxe8+ Kxe8 28. Qe6+ Kd8 29. Qg8+ Ke7 30. Rxc8 1-0

[Event "XXIX Corsicoscacchi Magistrale"]
[Site "Corsico ITA"]
[Date "2004.04.29"]
[Round "1"]
[White "Bonazzi, Edoardo"]
[Black "Podini, Francesco"]
[Result "0-1"]
[WhiteElo "2140"]
[BlackElo "2051"]
[PlyCount "40"]
[EventDate "2004.04.29"]

1. c4 c5 2. Nf3 Nc6 3. Nc3 g6 4. g3 Bg7 5. Bg2 e6 6. d4 Nxd4 7. Nxd4 cxd4 8.
Nb5 Qb6 9. e3 a6 10. Qa4 Ne7 11. Qa3 axb5 12. Qxa8 bxc4 13. O-O O-O 14. exd4
Bxd4 15. Bh6 Re8 16. Rac1 d5 17. Rc2 Bd7 18. Qa3 Nf5 19. Bd2 Bc5 20. Ba5 Qb5
0-1

[Event "XXIX Corsicoscacchi Magistrale"]
[Site "Corsico ITA"]
[Date "2004.04.29"]
[Round "1"]
[White "Cereda, Loris"]
[Black "Bozzali, Ermanno"]
[Result "0-1"]
[WhiteElo "2007"]
[BlackElo "2102"]
[PlyCount "124"]
[EventDate "2004.04.29"]

1. e4 g6 2. d4 Bg7 3. Nf3 c6 4. c3 d5 5. Nbd2 Nf6 6. e5 Ng4 7. Bd3 O-O 8. Nf1
f6 9. exf6 exf6 10. Ne3 Na6 11. O-O Nc7 12. h3 Nxe3 13. Bxe3 Ne6 14. Qd2 Qd6
15. Rfe1 Bd7 16. Rac1 Rf7 17. Bh6 Raf8 18. Bxg7 Rxg7 19. g3 Bc8 20. Bf1 Kh8 21.
Re2 g5 22. Kh2 Rfg8 23. Rce1 g4 24. Nh4 Ng5 25. hxg4 Ne4 26. Qh6 Rxg4 27. Rxe4
dxe4 28. Re3 Qf8 29. Qxf8 Rxf8 30. Bh3 Rgg8 31. Nf5 Bxf5 32. Bxf5 Rg5 33. Bxe4
Re8 34. Kg2 Rb5 35. Bxc6 Rxe3 36. Bxb5 Re1 37. Bd3 Kg7 38. Kf3 Ra1 39. Bc4 Rb1
40. b3 Rc1 41. a4 Rxc3+ 42. Kf4 Kf8 43. Kg4 Ke7 44. f4 b6 45. Kh4 h6 46. Kg4 a5
47. Kh4 Kd6 48. g4 Rf3 49. f5 Rf4 50. d5 Ke5 51. Kg3 Rd4 52. Kh4 Rd2 53. Kg3
Rd1 54. Kh4 Kf4 55. Kh5 Rg1 56. Kxh6 Rxg4 57. d6 Kxf5 58. d7 Rd4 59. Bb5 Ke5
60. Kg6 Ke6 61. Kg7 Ke7 62. Kg6 Rd5 0-1

[Event "XXIX Corsicoscacchi Magistrale"]
[Site "Corsico ITA"]
[Date "2004.04.29"]
[Round "1"]
[White "D'Apa, Matteo"]
[Black "Guidi, Maurizio"]
[Result "0-1"]
[WhiteElo "1859"]
[BlackElo "2065"]
[PlyCount "62"]
[EventDate "2004.04.29"]

1. d4 Nf6 2. c4 g6 3. Nc3 Bg7 4. e4 d6 5. f3 O-O 6. Be3 e5 7. d5 a5 8. Qd2 Nbd7
9. Bh6 Nxe4 10. Nxe4 Qh4+ 11. g3 Qxh6 12. Ng5 Nc5 13. O-O-O f6 14. Ne4 Nxe4 15.
fxe4 Qxd2+ 16. Kxd2 f5 17. Bg2 fxe4 18. Bxe4 Rf2+ 19. Ne2 Bg4 20. Rde1 Raf8 21.
h3 Bf5 22. Bc2 Rg2 23. g4 Bh6+ 24. Kd1 Bxc2+ 25. Kxc2 Rff2 26. Kd1 Rf3 27. Reg1
Rxg1+ 28. Nxg1 Rd3+ 29. Kc2 Rd2+ 30. Kc3 Rd1 31. Kc2 Re1 0-1

[Event "XXIX Corsicoscacchi Magistrale"]
[Site "Corsico ITA"]
[Date "2004.04.29"]
[Round "1"]
[White "Dallaglio, Giovanni"]
[Black "Massironi, Marco"]
[Result "1-0"]
[WhiteElo "2019"]
[BlackElo "2119"]
[PlyCount "109"]
[EventDate "2004.04.29"]

1. d4 Nf6 2. Nf3 g6 3. c4 c5 4. e3 Bg7 5. Nc3 O-O 6. Be2 d5 7. O-O cxd4 8. exd4
Nc6 9. h3 e6 10. Be3 a6 11. a3 dxc4 12. Bxc4 b5 13. Ba2 b4 14. Na4 Nd5 15. Rc1
Nce7 16. Qd2 Nxe3 17. fxe3 bxa3 18. bxa3 Qd6 19. Nc5 Nf5 20. Bb1 Bh6 21. Rfe1
Rb8 22. a4 Bb7 23. Nxb7 Rxb7 24. Bxf5 exf5 25. Rb1 Re7 26. Qd3 Rfe8 27. Rb3
Rxe3 28. Rxe3 Rxe3 29. Qc4 Rxb3 30. Qxb3 Bg7 31. Qc4 a5 32. d5 Bf8 33. Kf1 Qc5
34. Qxc5 Bxc5 35. Ke2 Kf8 36. Kd3 f6 37. Kc4 Bb4 38. Nd4 Be1 39. Kb5 Ke7 40.
Kc6 Bb4 41. Nb5 g5 42. d6+ Ke6 43. d7 Be7 44. Nd6 Ke5 45. Nc4+ Kf4 46. Nxa5 Kg3
47. Nc4 Kxg2 48. a5 f4 49. a6 f3 50. a7 Kxh3 51. a8=Q g4 52. Qe8 f2 53. Nd2 g3
54. Qxe7 g2 55. Qe3+ 1-0